000 00602nam a2200241Ia 4500
003 OSt
005 20220918214430.0
006 a|||||r|||| 00| 0
007 ta
008 220917b |||||||| |||| 00| 0 eng d
024 _a137,499
037 _cTextual
040 _aARTS
_cARTS
_beng
041 _2eng
_aeng
082 _aXM25h:M95, L1
100 _aWeeraman P E
_9131345
245 0 _aICA in South East Asia
260 _c1971
490 _aInternational cooperative
650 _aECONOMICS
942 _hXM25h:M95, L1
_cTEXL
_2CC
999 _c260580
_d260580